Sports Quiz

Random Sports Quiz

T-Birds Captain History Quiz Stats

 Plays Quiz not verified by Sporcle

Support Sporcle.
Go Orange.
Score 0/38 Timer 05:00
0 Plays Today
Season Captain % Correct
2012-13Luke Lockhart
100%
2011-12Luke Lockhart
85%
1987-88Glen Goodall
80%
1989-90Glen Goodall
80%
1990-91Glen Goodall
80%
2007-08Thomas Hickey
75%
2008-09Thomas Hickey
75%
1998-99Bret DeCecco
60%
1999-00Bret DeCecco
60%
2010-11Brenden Dillon
60%
2001-02Dustin Johner
55%
2002-03Dustin Johner
55%
2003-04Dustin Johner
55%
1977-78Ryan Walter
45%
1997-98Mark Parrish
45%
2004-05Tyler Metcalfe
45%
2005-06Aaron Gagnon
45%
2006-07Aaron Gagnon
45%
2009-10Lindsay Nielsen
40%
Season Captain % Correct
1993-94Brenden Witt
35%
1978-79Joe Ward
30%
1981-82Wayne Prestage
25%
1982-83Wayne Prestage
25%
1996-97Tyler Willis
25%
1979-80Tom Marsh
20%
1984-85Scott Robinson
20%
1985-86Jim Bechtold
20%
1991-92Craig Chapman
20%
1992-93Blake Knox
20%
1994-95Chris Wells
20%
2000-01Brad Tutschek
20%
1980-81Dean Postlewaite
15%
1983-84Terry Sargent
15%
1986-87Larry Bernard
15%
1995-96Blair Manning
15%
1988-89Dean Ewen
5%
2013-14
0%
2014-15Justin Hickman, Shea Theodore
0%

You're not logged in!

Compare scores with friends on all Sporcle quizzes.
OR
Log In
Forgot?

From the Vault

Top 300 Boys' Names (2011)

by triplet_3

A whole lot of these babies are just going to be known by their last name all throughout school.
Remove Ads.
Support Sporcle.
Get the best of Sporcle when you Go Orange. This ad-free experience offers more features, more stats, and more fun while also helping to support Sporcle. Thank you for becoming a member.

Show Comments

Extras

Created Jul 23, 2012ReportNominate
Tags:1977, captain, last, season, third

Top Quizzes Today


Score Distribution

Your Account Isn't Verified!

In order to create a playlist on Sporcle, you need to verify the email address you used during registration. Go to your Sporcle Settings to finish the process.

Report this User

Report this user for behavior that violates our Community Guidelines.

Details: